Enhancing sexuality (Record no. 958)
[ view plain ]
| 000 -LEADER | |
|---|---|
| fixed length control field | 01251nam a2200325Ia 4500 |
| 100 1# - MAIN ENTRY--AUTHOR NAME | |
| Personal name | Wincze, John P., |
| 245 10 - TITLE STATEMENT | |
| Title | Enhancing sexuality |
| 250 ## - EDITION STATEMENT | |
| Edition statement | 2nd ed. |
| 260 ## - PUBLICATION, DISTRIBUTION, ETC. (IMPRINT) | |
| Place of publication | Oxford ; |
| -- | New York : |
| Name of publisher | Oxford University Press, |
| Year of publication | 2009. |
| 300 ## - PHYSICAL DESCRIPTION | |
| Number of Pages | ix, 134 p. |
| 490 1# - SERIES STATEMENT | |
| Series statement | Treatments that work |
| 650 #0 - SUBJECT ADDED ENTRY--TOPICAL TERM | |
| Topical Term | Sex therapy. |
| Topical Term | Psychotherapy. |
| 856 40 - ELECTRONIC LOCATION AND ACCESS | |
| Uniform Resource Identifier | http://site.ebrary.com/lib/rucke/Doc?id=10288273 |
No items available.
